| 000 | 00687nam a22002297a 4500 | ||
|---|---|---|---|
| 003 | DO-SdBNP | ||
| 005 | 20171023114303.0 | ||
| 008 | 171018b 2015|||| |||| 00| 0 spa d | ||
| 020 | _a9789945588576 | ||
| 040 |
_aBPMSU _bspa _cBPMSU |
||
| 100 | 1 | _aMendoza, Reyna | |
| 245 | 1 |
_aMúsica de los cuerpos / _cReyna Mendoza ; corrección Lauristely Peña |
|
| 260 |
_aSanto Domingo : _bNacional; _c2015 |
||
| 300 |
_a49 p. : _c23 cm. |
||
| 490 | 1 | _aTinta de taller | |
| 500 | _aIncluye datos biográficos del autor. | ||
| 700 | 1 |
_aPeña, Lauristely, _ecorr. |
|
| 830 | 4 | _aTinta de taller | |
| 942 |
_2ddc _cBK |
||
| 945 | _aInventariado / 2017 VM | ||
| 956 |
_aBTAVAREZ _b10 _c20171018 _d0038 |
||
| 999 |
_c12632 _d12632 |
||